लोड हो रहा है...

Pascal plus data structures alogarithms and advanced programming

ग्रंथसूची विवरण
मुख्य लेखक: Dale, N
अन्य लेखक: Lilly, S C
स्वरूप: Printed Book
भाषा:Undetermined
English
प्रकाशित: New Delhi Tata - Mcgraw - Hill Publishing 1990
विषय:
LEADER 00621nam a2200181Ia 4500
008 140306s9999 xx 000 0 und d
041 |a eng 
082 |a 519 C  |b DAL/PA 
100 |a Dale, N 
700 |a Lilly, S C 
245 |a Pascal plus data structures alogarithms and advanced programming 
260 |a New Delhi  |b Tata - Mcgraw - Hill Publishing  |c 1990 
300 |a 868 
650 |a Computer science 
650 |a Data abstraction 
942 |2 ddc  |c BK 
999 |c 119197  |d 119197 
952 |0 0  |1 0  |2 ddc  |4 0  |6 519_000000000000000_C_DALPA  |7 0  |9 118281  |a KAUHCV  |b KAUHCV  |d 2004-05-05  |o 519 C DAL/PA  |p KAU_HCV-23415  |r 2014-03-22  |w 2014-03-22  |y BK